[Event "Interzonal"]
[Site "Riga URS"]
[Date "1979.09.05"]
[Round "1"]
[White "Miles, Anthony John"]
[Black "Rodriguez, Ruben"]
[Result "1-0"]
[WhiteElo "2560"]
[BlackElo "2370"]
[EventDate "1979.09.05"]
[PlyCount "75"]

1.d4 Nf6 2.c4 g6 3.Nc3 Bg7 4.Nf3 d5 5.cxd5 Nxd5 6.e4 Nxc3 7.bxc3 c5 8.Be3 
Nc6 9.Rc1 cxd4 10.cxd4 O-O 11.d5 Na5 12.Be2 e6 13.d6 e5 14.Rc7 Be6 15.Ng5 
Rc8 16.Nxe6 fxe6 17.Rxc8 Qxc8 18.O-O Nc6 19.d7 Qc7 20.Bg4 Nd4 21.Bxd4 exd4
22.Qb3 Kh8 23.Qxe6 Be5 24.g3 Bf6 25.Kg2 Kg7 26.Qd5 b6 27.Re1 Qc5 28.Qb7 
Bd8 29.e5 d3 30.Re3 d2 31.e6 Kh6 32.Qe4 Be7 33.h4 Kg7 34.Qe5+ Qxe5 35.Rxe5
h6 36.Bd1 Kf6 37.Re4 Bc5 38.Rf4+ 1-0

[Event "Interzonal"]
[Site "Riga URS"]
[Date "1979.09.05"]
[Round "1"]
[White "Tal, Mikhail"]
[Black "Tseshkovsky, Vitaly"]
[Result "1-0"]
[WhiteElo "2615"]
[BlackElo "2560"]
[EventDate "1979.09.05"]
[PlyCount "83"]

1.e4 c5 2.Nf3 Nc6 3.d4 cxd4 4.Nxd4 Nf6 5.Nc3 e5 6.Ndb5 d6 7.Nd5 Nxd5 8.
exd5 Nb8 9.c4 a6 10.Nc3 Be7 11.Be2 O-O 12.O-O f5 13.f4 Bf6 14.Qc2 Nd7 15.
Kh1 g6 16.g3 Re8 17.Bd2 b6 18.Rae1 Bg7 19.b3 Ra7 20.a4 Rc7 21.Bd1 Bb7 22.
g4 e4 23.gxf5 gxf5 24.Be3 Nc5 25.Rg1 Nd3 26.Ref1 Qh4 27.Rg3 Kh8 28.Bxb6 
Rf7 29.Be3 Rf6 30.Qg2 Rg6 31.Rxg6 hxg6 32.Qxg6 Rg8 33.Rg1 Nxf4 34.Qg5 Qxg5
35.Rxg5 Bxc3 36.Rxg8+ Kxg8 37.Bxf4 Be5 38.Bxe5 dxe5 39.Kg2 Kf7 40.Bc2 Kf6 
41.Kf2 Kg5 42.Ke3 1-0

[Event "Interzonal"]
[Site "Riga URS"]
[Date "1979.09.10"]
[Round "5"]
[White "Van Riemsdijk, Herman Claudius"]
[Black "Adorjan, Andras"]
[Result "0-1"]
[WhiteElo "2435"]
[BlackElo "2525"]
[EventDate "1979.09.05"]
[PlyCount "66"]

1.e4 c5 2.Nf3 Nc6 3.d4 cxd4 4.Nxd4 Nf6 5.Nc3 e6 6.Ndb5 d6 7.Bf4 e5 8.Bg5 
a6 9.Na3 b5 10.Bxf6 gxf6 11.Nd5 f5 12.Bd3 Be6 13.c4 Qa5+ 14.Kf1 fxe4 15.
Bxe4 Bg7 16.Qf3 Nd4 17.Qg3 Kf8 18.Rd1 Qd8 19.Ne3 Rc8 20.Nac2 bxc4 21.Nxd4 
exd4 22.Nf5 Bxf5 23.Bxf5 Rc5 24.Qf3 Re5 25.g4 h5 26.h3 hxg4 27.hxg4 Rxh1+ 
28.Qxh1 d5 29.b3 d3 30.bxc4 dxc4 31.Qc6 Qd5 32.Qxd5 Rxd5 33.Be4 Rd4 0-1

[Event "Interzonal"]
[Site "Riga URS"]
[Date "1979.09.10"]
[Round "5"]
[White "Trois, Francisco"]
[Black "Tarjan, James Edward"]
[Result "1/2-1/2"]
[WhiteElo "2415"]
[BlackElo "2525"]
[EventDate "1979.09.05"]
[PlyCount "148"]

1.d4 Nf6 2.c4 e6 3.Nf3 b6 4.g3 Ba6 5.Qa4 Ne4 6.Bg2 Nd6 7.Nfd2 c6 8.Qc2 Nf5
9.Nf3 d5 10.cxd5 cxd5 11.Nc3 Be7 12.O-O O-O 13.Rd1 Bb7 14.b3 Nc6 15.Bb2 
Rc8 16.Rac1 a6 17.e3 b5 18.Qb1 g6 19.Ne2 Qa5 20.Nf4 Nb8 21.Ne5 Nd6 22.h4 
Rxc1 23.Rxc1 Rc8 24.Rxc8+ Bxc8 25.a3 Qc7 26.Qc1 Qxc1+ 27.Bxc1 Nb7 28.Nf3 
Na5 29.Nd2 Kf8 30.Bf1 Nd7 31.Bd3 Bd6 32.Bc2 Bb7 33.Bb2 Ke7 34.Nd3 Nc6 35.
f4 h5 36.Kf1 a5 37.Ne5 b4 38.Nxc6+ Bxc6 39.a4 Nf6 40.Bd3 Kd7 41.Kg2 Ng4 
42.Kf3 Kc7 43.Ke2 Nf6 44.Bc1 Bb7 45.Kf2 Kb6 46.Kf3 Ba6 47.Bxa6 Kxa6 48.Bb2
Kb7 49.Ba1 Kc6 50.Bb2 Kd7 51.Ba1 Kc6 52.Bb2 Kd7 53.Bc1 Ke7 54.Bb2 Bc7 55.
Ba1 Ng4 56.Ke2 Kf6 57.Bb2 Kf5 58.Kf3 Nf6 59.Bc1 Ne4 60.Nxe4 dxe4+ 61.Kg2 
Kg4 62.Bd2 Bd8 63.Be1 f6 64.Bf2 Be7 65.Be1 g5 66.hxg5 fxg5 67.fxg5 Bxg5 
68.Bf2 Bh6 69.Bg1 Bf8 70.Bf2 Be7 71.Be1 Bg5 72.Bf2 h4 73.gxh4 Bxh4 74.Bxh4
Kxh4 1/2-1/2

[Event "Interzonal"]
[Site "Riga URS"]
[Date "1979.09.11"]
[Round "6"]
[White "Tarjan, James Edward"]
[Black "Tal, Mikhail"]
[Result "0-1"]
[WhiteElo "2525"]
[BlackElo "2615"]
[EventDate "1979.09.05"]
[PlyCount "80"]

1.e4 c5 2.Nf3 d6 3.d4 cxd4 4.Nxd4 Nf6 5.Nc3 e6 6.g3 Be7 7.Bg2 O-O 8.O-O 
Nc6 9.b3 Bd7 10.Bb2 Rc8 11.Nde2 Qa5 12.h3 Rfd8 13.Kh1 Be8 14.Qe1 b5 15.a3 
Qb6 16.Rd1 b4 17.axb4 Nxb4 18.Rd2 a5 19.Nd4 Rc5 20.Nd1 d5 21.exd5 Nbxd5 
22.Ba3 Rcc8 23.Bxe7 Nxe7 24.Nf3 Bb5 25.c4 Bc6 26.Ne3 Ne4 27.Ra2 Rd3 28.
Qxa5 Nxg3+ 29.fxg3 Qxe3 30.Ne5 Bxg2+ 31.Rxg2 Rxb3 32.Kh2 f6 33.Nd7 Qd4 34.
Rd2 Rb2 35.Rff2 Rxd2 36.Rxd2 Qxc4 37.Nb6 Qc5 38.Rd8+ Kf7 39.Rf8+ Kg6 40.
Qxc5 Rxc5 0-1

[Event "Interzonal"]
[Site "Riga URS"]
[Date "1979.09.11"]
[Round "6"]
[White "Romanishin, Oleg"]
[Black "Tseshkovsky, Vitaly"]
[Result "1/2-1/2"]
[WhiteElo "2560"]
[BlackElo "2560"]
[EventDate "1979.09.05"]
[PlyCount "141"]

1.e4 c5 2.Nc3 Nc6 3.Nf3 g6 4.d4 cxd4 5.Nxd4 Bg7 6.Nb3 Nf6 7.Be2 O-O 8.O-O 
d6 9.Bg5 a5 10.a4 Be6 11.Kh1 Rc8 12.f4 Nb4 13.Nd4 Bc4 14.Ndb5 Bxb5 15.Bxb5
h6 16.Bh4 Nh7 17.Qd2 g5 18.fxg5 Nxg5 19.Bxg5 hxg5 20.Qxg5 e6 21.Qg3 Rc5 
22.Rad1 Rg5 23.Qf2 Qc7 24.Qf4 Rg6 25.Qxd6 Qxd6 26.Rxd6 Nxc2 27.g3 Ne3 28.
Re1 Ng4 29.Kg2 Be5 30.Rd3 Kg7 31.h3 Nf6 32.Rde3 Rh8 33.b3 Rh4 34.Ne2 Rh8 
35.Bc4 Rg5 36.Ng1 Nh5 37.Ne2 Nf6 38.Rd1 Rgh5 39.Ng1 Rg5 40.Ne2 Rgh5 41.Nf4
Rg5 42.Nd3 Bd4 43.Re2 Rh4 44.Nf4 Be5 45.Kf3 Rxh3 46.Nxh3 Rxg3+ 47.Kf2 Rxh3
48.Rg1+ Kf8 49.Ke1 Nd7 50.Rf1 Nc5 51.Kd1 Ke7 52.Ref2 f6 53.Rf3 Rxf3 54.
Rxf3 Nxe4 55.Re3 Nd6 56.Bf1 Bd4 57.Rh3 e5 58.Rh7+ Ke6 59.Bh3+ Kd5 60.Ke2 
b6 61.Rh6 e4 62.Rh5+ Be5 63.Ke3 b5 64.axb5 Nxb5 65.Rh8 Bd4+ 66.Kf4 Bc5 67.
Rd8+ Nd6 68.Bg2 f5 69.Rxd6+ Kxd6 70.Kxf5 e3 71.Bf3 1/2-1/2

[Event "Interzonal"]
[Site "Riga URS"]
[Date "1979.09.16"]
[Round "9"]
[White "Romanishin, Oleg"]
[Black "Kuzmin, Gennady"]
[Result "0-1"]
[WhiteElo "2560"]
[BlackElo "2565"]
[EventDate "1979.09.05"]
[PlyCount "94"]

1.e4 c5 2.Nf3 d6 3.d4 cxd4 4.Nxd4 Nf6 5.Nc3 Nc6 6.Bc4 e6 7.Bb3 Be7 8.Be3 
a6 9.f4 Qa5 10.O-O O-O 11.Kh1 Bd7 12.f5 Nxd4 13.Bxd4 exf5 14.exf5 Bc6 15.
Qd3 Rae8 16.Rad1 Nd7 17.Qg3 Bf6 18.Qxd6 Bxd4 19.Qxd4 Nf6 20.Qf4 Re5 21.
Rde1 Rfe8 22.Rxe5 Rxe5 23.h3 Qc5 24.Kh2 b5 25.Rd1 Re8 26.a3 Bb7 27.Rd2 h6 
28.Re2 Rd8 29.Qe5 Qc8 30.Qe7 Rd7 31.Qe3 Qc6 32.Qe5 Kh7 33.Qe3 a5 34.Qe5 a4
35.Ba2 Ba6 36.Rf2 Qb6 37.Rf3 Bb7 38.Rg3 Qf2 39.Qxb5 Re7 40.Nd1 Qf4 41.Qb4 
Ne4 42.Qe1 Rd7 43.Nc3 Nxg3 44.Qxg3 Qf1 45.Qg4 Rd4 46.Qe2 Qf4+ 47.g3 Qd2 
0-1

[Event "Interzonal"]
[Site "Riga URS"]
[Date "1979.09.24"]
[Round "14"]
[White "Van Riemsdijk, Herman Claudius"]
[Black "Polugaevsky, Lev"]
[Result "1/2-1/2"]
[WhiteElo "2435"]
[BlackElo "2625"]
[EventDate "1979.09.05"]
[PlyCount "46"]

1.e4 c5 2.Nf3 e6 3.d4 cxd4 4.Nxd4 a6 5.Nc3 Qc7 6.g3 Nf6 7.Bg2 d6 8.O-O Be7
9.Qd2 O-O 10.b3 Bd7 11.Nce2 Nc6 12.c4 b5 13.Bb2 bxc4 14.Rfc1 Ne5 15.f4 
Rad8 16.h3 Qa7 17.bxc4 Nc6 18.Kh2 Rc8 19.Nb3 Rfd8 20.Ned4 Be8 21.Rd1 Nxd4 
22.Bxd4 Qc7 23.Qe3 Nd7 1/2-1/2